| 000 | 00486nab a22001457 4500 | ||
|---|---|---|---|
| 003 | ES-SlBCS | ||
| 005 | 20210327224319.0 | ||
| 008 | 201211s2020 sp ||||| |||| 00| 0 spa d | ||
| 040 |
_aES-SlBCS _bspa |
||
| 041 | _aspa | ||
| 100 | 1 |
_aSpies, Miriam _9121114 |
|
| 245 | 1 | 0 |
_aLa imaginación litúrgica a pleno rendimiento. Posibilidades de liderazgo de las personas discapacitadas _cMiriam Spies |
| 773 | 0 |
_gNúm. 388, 2020, págs. 143-154 _tConcilium _wRev134 _x0210-1041 |
|
| 942 |
_2lcc _cAR |
||
| 999 |
_c490805 _d490805 |
||